Stati per percentuale di Popolazione immigrata - Statistics

Statistiche generali
  • Questo quiz è stato fatto 26 volte
  • Il punteggio medio è 7 su 10
Statistiche sulle risposte
Popolazione immigrata (%) Continente Nazione % Corretto
100,0 Europa Città del Vaticano
75%
87,9 Asia Emirati Arabi Uniti
75%
78,7 Asia Qatar
71%
58,5 Europa Andorra
67%
45,2 Asia Bahrein
67%
72,1 Asia Kuwait
67%
47,4 Europa Lussemburgo
67%
67,0 Europa Liechtenstein
63%
68,0 Europa Monaco
63%
46,0 Asia Oman
50%
Nessun quiz corrispondente trovato
Distribuzione punteggi
Percentuale di utenti per punteggio
Percentile per numero di risposta
I tuoi punteggi nel tempo
Non hai fatto questo quiz